| 000 | 01029nam2a2200229 4500 | ||
|---|---|---|---|
| 001 | rc\2861998 | ||
| 005 | 20260315050754.0 | ||
| 035 | _a(NLR Aleph) 007016236 | ||
| 090 |
_a13578748 _c13578748 |
||
| 100 | _a20110711d1931 u y0rusy50 ca | ||
| 101 | 0 | _arus | |
| 102 | _aRU | ||
| 105 | _ay z ||||| | ||
| 200 | 0 | _a... 1930 г. № 1-12 | |
| 210 | _d[1931] | ||
| 215 | _a30 с. | ||
| 461 | 0 |
_1001rc\2861996 _12000#$aУказатель статей и рефератов, помещенных в журнале "Удобрение и урожай"$e... 1929 г.-$v... 1930 г. № 1-12 _95864469 _a"Удобрение и урожай", журнал (Ленинград). Указатели _cЛенинград _d[1930-1931] _nБ. и. _o... 1929 г.- _p2 т. _tУказатель статей и рефератов, помещенных в журнале "Удобрение и урожай" _v... 1930 г. № 1-12 |
|
| 801 | 0 |
_aRU _bNLR _gpsbo |
|
| 801 | 1 |
_aRU _bELAR _2rusmarc |
|
| 852 |
_aNLR _j741Уд/1 |
||
| 942 | _cUNSPEC | ||
| 980 | _aNB | ||